000 00662nam a22002297a 4500
005 20170124110011.0
010 _a812006
020 _c25.00
035 _a812006
037 _bCen Lib/ Ret
040 _aDPL
_bEN
082 _a345
_bSCH
100 _aSchwartz,Bernard
_915181
245 _aThe law in America :
_cby Bernard Schwartz
_ba history /
260 _a New Delhi
_bTata McGraw-Hill publishing
_c1974
270 _b New Delhi
_e110020
300 _ax,382p.
_c21cm(Hb)
500 _aIncludes bibliographical reference and index
650 _aLaw
_9104
650 _aUnited States -- Law
_971876
942 _2ddc
_cEN
_h354
_mSCH
999 _c126528
_d126528